Busiest Cargo Airports - Statistics

General Stats
  • This quiz has been taken 83 times
  • The average score is 6 of 10
Answer Stats
Freight Weight (in million tons) Airport % Correct
4,2 Hong Kong (HGK)
84%
3,12 Shanghai (PVG)
82%
2,4 Tokyo (NRT)
82%
2,49 Los Angeles (LAX)
75%
4,04 Memphis (MEM)
62%
3,46 Anchorage (ANC)
60%
3,07 Louisville (SDF)
46%
2,5 Miami (MIA)
43%
2,54 Taipeh (TPE)
32%
2,95 Incheon (INC)
7%
No matching quizzes found
Score Distribution
Percent of People with Each Score
Percentile by Number Answered
Your Score History
You have not taken this quiz